Central Library OPAC University of Rajshahi

Influence of Plant Growth Retardants on Morphological, Cytological and Biochemical Characteristics of Onion (Allium Cepa L.) / (Record no. 83687)

MARC details
000 -LEADER
fixed length control field 00971nam a2200241 a 4500
001 - CONTROL NUMBER
RUCL Control Number 83687
003 - CONTROL NUMBER IDENTIFIER
rucl marc code BD-RjUL
005 - DATE AND TIME OF LATEST TRANSACTION
control field 20240508124638.0
008 - FIXED-LENGTH DATA ELEMENTS--GENERAL INFORMATION
fixed length control field 240508s2005 bg a|||| m||| 00| 0 eng d
035 ## - SYSTEM CONTROL NUMBER
system control number (BD-RjUL)83687
040 ## - CATALOGING SOURCE
Original cataloging agency BD-RjUL
Language of cataloging eng
Transcribing agency BD-RjUL
Modifying agency BD-RjUL
041 ## - LANGUAGE CODE
Language code of Book eng
082 ## - DEWEY DECIMAL CLASSIFICATION NUMBER
DDC Edition number 23
Classification number 641.3526
Author mark and Year UDI 2005
100 ## - MAIN ENTRY--PERSONAL NAME
Personal name Ud-deen, Md. Mosleh
245 10 - TITLE STATEMENT
Title Influence of Plant Growth Retardants on Morphological, Cytological and Biochemical Characteristics of Onion (Allium Cepa L.) /
Statement of responsibility, etc By Md. Mosleh Ud-deen ;
Name of Supervisor/Co-Supervisor Supervisor : Golam Kabir
260 ## - PUBLICATION, DISTRIBUTION, ETC. (IMPRINT)
Place of publication, distribution, etc Rajshahi :
Name of publisher, distributor, etc Department of Agronomy and Agricultural Extension, University of Rajshahi,
Date of publication, distribution, etc 2005
300 ## - PHYSICAL DESCRIPTION
Pagination xiii, 273 Leaves :
Other physical details ill, ;
Dimensions 29 cm.
502 ## - DISSERTATION NOTE
Dissertation note Thesis (Ph. D.) -- Department of Agronomy and Agricultural Extension, University of Rajshahi, 2005
504 ## - BIBLIOGRAPHY, ETC. NOTE
Bibliography, etc Literature : Leaves [254]-271
650 ## - SUBJECT ADDED ENTRY--TOPICAL TERM
Source of heading or term Plant Crops
Topical term or geographic name as entry element Onion
700 ## - ADDED ENTRY--SUPERVISOR/CO-SUPERVISOR NAME
Personal name Kabir, Golam, Supervisor
9 (RLIN) 3775
942 ## - ADDED ENTRY ELEMENTS (KOHA)
Source of classification or shelving scheme Dewey Decimal Classification
Koha item type Theses
Holdings
Source of classification or shelving scheme Damaged status Not for loan Collection code Permanent Location Current Location Shelving location Date of accession Source of acquisition Total Checkouts Full call number Barcode Date last seen Copy number Thesis
Dewey Decimal Classification   Not For Loan Theses Central Library, University of Rajshahi Central Library, University of Rajshahi Documentation Section 08/10/2005 Controller of Exam. R. U.   THE 641.3526 UDI 2005 D2458 08/05/2024 C-I Theses